Life in Modern American

This book is a wide-ranging study of political and social life in the United States, written for advanced students of English. It examines the many factors which influence American life, including the geography of the country, the structure and working of government, the origins of the American peop...

全面介绍

Đã lưu trong:
书目详细资料
主要作者: Peter Bromhead
格式: 图书
语言:Undetermined
出版: Essex Longman 1998
主题:
标签: 添加标签
没有标签, 成为第一个标记此记录!
Thư viện lưu trữ: Trung tâm Học liệu Trường Đại học Cần Thơ
LEADER 01072nam a2200205Ia 4500
001 CTU_35484
008 210402s9999 xx 000 0 und d
020 |b 30.000đ 
082 |a 973.927 
082 |b B868 
100 |a Peter Bromhead 
245 0 |a Life in Modern American 
245 0 |c Peter Bromhead 
260 |a Essex 
260 |b Longman 
260 |c 1998 
520 |a This book is a wide-ranging study of political and social life in the United States, written for advanced students of English. It examines the many factors which influence American life, including the geography of the country, the structure and working of government, the origins of the American people. It has been extensively revised to reflect the social and political changes which have take place in the late 1980s, and new photographs portraying contemporary America have been included throughout. 
650 |a english language - textbooks for foreign speakers,united states - social conditions 
904 |i Minh, 000302 
980 |a Trung tâm Học liệu Trường Đại học Cần Thơ